Catálogo de la Biblioteca Horacio González - Universidad Nacional de General Sarmiento

La educación de las hadas (Registro nro. 53696)

Detalles MARC
000 -CABECERA
campo de control de longitud fija 01622ngm a22003490a 4500
001 - NÚMERO DE CONTROL
campo de control PT39979
003 - IDENTIFICADOR DEL NÚMERO DE CONTROL
campo de control AR-LpoUNG
005 - FECHA Y HORA DE LA ÚLTIMA TRANSACCIÓN
campo de control 20210201235901.0
007 - CAMPO FIJO DE DESCRIPCIÓN FÍSICA--INFORMACIÓN GENERAL
campo de control de longitud fija vd cvaizq
008 - DATOS DE LONGITUD FIJA--INFORMACIÓN GENERAL
campo de control de longitud fija 191001s2007||||ag |||||||||||||||||spa d
037 ## - FUENTE DE ADQUISICIÓN
Condiciones de disponibilidad $7.65
040 ## - FUENTE DE LA CATALOGACIÓN
Centro catalogador/agencia de origen AR-LpoUNG
Lengua de catalogación spa
Centro/agencia transcriptor AR-LpoUNG
Normas de descripción aacr
041 ## - CÓDIGO DE LENGUA
Código de lengua del texto/banda sonora o título independiente spa
044 ## - CÓDIGO DEL PAÍS DE LA ENTIDAD EDITORA/PRODUCTORA
Código MARC del país ag
082 0# - NÚMERO DE LA CLASIFICACIÓN DECIMAL DEWEY
Número de clasificación 305.85 965edu
100 1# - ENTRADA PRINCIPAL--NOMBRE DE PERSONA
Nombre de persona Cuerda, José Luis
Término indicativo de función/relación dir.
245 13 - MENCIÓN DE TÍTULO
Título La educación de las hadas
250 ## - MENCIÓN DE EDICIÓN
Mención de edición 1§ edición
260 ## - PUBLICACIÓN, DISTRIBUCIÓN, ETC.
Lugar de publicación, distribución, etc. San Luis :
Nombre del editor, distribuidor, etc. AVH,
Fecha de publicación, distribución, etc. 2007.
300 ## - DESCRIPCIÓN FÍSICA
Extensión DVD (95 min.) : son., col.
505 0# - NOTA DE CONTENIDO CON FORMATO
Nota de contenido con formato Elenco: Ricardo Darín (Nicolás), Irène Jacob (Ingrid), Bebe (Sezar). - Basado en la novela "La educación de un hada" de Didier van Cauwelaert.
520 ## - SUMARIO, ETC.
Sumario, etc. Nicolás encuentra, a la vez, a la mujer de su vida y al hijo que él nunca ha tenido, pero que ansía tener, en un avión que los lleva de Alicante a Barcelona. Él es inventor de juguetes. Ella, Ingrid, viuda reciente de un capitán de aviación muerto en Iraq, es una ornitóloga que estudia en Cataluña las migraciones de las palomas torcaces. Y su hijo, Raúl, de ocho años, es un fantaseador de primer orden. A partir de este encuentro, la historia de amor de los tres será perfecta. Sin embargo, Ingrid, de repente, decide que todo se ha acabado. ¿Por qué? Porque ha llegado a la conclusión de que nunca podrán ser más felices de lo que lo han sido hasta ese momento
650 #4 - PUNTO DE ACCESO ADICIONAL DE MATERIA--TÉRMINO DE MATERIA
Término de materia o nombre geográfico como elemento de entrada DRAMA
650 #4 - PUNTO DE ACCESO ADICIONAL DE MATERIA--TÉRMINO DE MATERIA
Término de materia o nombre geográfico como elemento de entrada ESPAÑA
650 #4 - PUNTO DE ACCESO ADICIONAL DE MATERIA--TÉRMINO DE MATERIA
Término de materia o nombre geográfico como elemento de entrada RELACIONES HUMANAS
651 #4 - PUNTO DE ACCESO ADICIONAL DE MATERIA--NOMBRE GEOGRÁFICO
Nombre geográfico España
653 ## - TÉRMINO DE INDIZACIÓN--NO CONTROLADO
Término no controlado CINE ESPAÑOL
653 ## - TÉRMINO DE INDIZACIÓN--NO CONTROLADO
Término no controlado DVD
653 ## - TÉRMINO DE INDIZACIÓN--NO CONTROLADO
Término no controlado VIDEOS
905 ## - ELEMENTOS DE DATOS E LOCAL, LDE (RLIN)
a 39979
942 ## - ELEMENTOS DE PUNTO DE ACCESO ADICIONAL (KOHA)
Tipo de ítem Koha DVD
Existencias
Estado de retiro Estado de pérdida Estado dañado No para préstamo Código de colección Localización permanente Ubicación/localización actual Fecha de adquisición Total de préstamos Signatura topográfica completa Código de barras Fecha visto por última vez Fecha del último préstamo Precio válido a partir de Tipo de ítem Koha
        Colección Cine Biblioteca Universidad Nacional de General Sarmiento Biblioteca Universidad Nacional de General Sarmiento 01/02/2021 1 305.85 965edu 00044280 05/05/2023 18/04/2023 01/02/2021 DVD